Catalog

Record Details

Catalog Search



Available copies

  • 0 of 1 copy available at LARL/NWRL Consortium.

Current holds

0 current holds with 1 total copy.

Show Only Available Copies
Location Call Number / Copy Notes Barcode Shelving Location Status Due Date
Greenbush Public Library e STA (Text) 35500006911943 Main Checked out 05/19/2026

Record details

  • ISBN: 9798991817226
  • Physical Description: 1 volume (unpaged) : color illustrations ; 22 cm.
  • Publisher: [Place of publication not identified] : Independently published, 2024.
Subject: Dogs > Juvenile fiction.
LDR 00542cam a22001933 4500
001477952
003LARL_NWRL_CONSORTIUM
00520260109142112.0
008250215s2024 xx 0|| 0 eng d
040 . ‡aYDX ‡beng ‡cYDX ‡dOCLCO ‡dOCLCQ
020 . ‡a9798991817226
035 . ‡a(OCoLC)1499601601
1001 . ‡aStach, Sherri.
24510. ‡aDog on a farm : ‡bCash's adventure / ‡cby Sherri Stach.
2463 . ‡aCash's adventure
260 . ‡a[Place of publication not identified] : ‡bIndependently published, ‡c2024.
300 . ‡a1 volume (unpaged) : ‡bcolor illustrations ; ‡c22 cm.
336 . ‡atext ‡2rdacontent
336 . ‡astill image ‡2rdacontent
337 . ‡aunmediated ‡2rdamedia
338 . ‡avolume ‡2rdacarrier
650 0. ‡aDogs ‡vJuvenile fiction. ‡0(LARL_NWRL_CONSORTIUM)164650
901 . ‡a477952 ‡bAUTOGEN ‡c477952 ‡tbiblio

Additional Resources